[Event "Zhukovsky op 05"]
[Site "Zhukovsky"]
[Date "2011.??.??"]
[Round "1"]
[White "Kopylov, Ivan"]
[Black "Vatolin, Aleksey"]
[Result "0-1"]
[WhiteElo "1756"]
[BlackElo "1668"]
[PlyCount "62"]
[EventDate "2011.05.15"]
[EventType "swiss"]
[EventRounds "9"]
[EventCountry "RUS"]
[SourceTitle "EXT 2012"]
[Source "ChessBase"]
[SourceDate "2011.11.24"]
[SourceVersion "1"]
[SourceVersionDate "2011.11.24"]
[SourceQuality "1"]

1. d4 Nf6 2. c4 e6 3. Nc3 Bb4 4. Qc2 0-0 5. a3 Bxc3+ 6. bxc3 c5 7. Nf3 Qa5 8. Bd2 Nc6 9. e4 d6 10. Bd3 Bd7 11. 0-0 Qa6 12. e5 dxe5 13. dxe5 Ng4 14. Bxh7+ Kh8 15. Rfe1 f6 16. Qg6 Qxc4 17. Re4 Ngxe5 18. Qh5 Nxf3+ 19. gxf3 Qd5 20. Bf5+ Kg8 21. Qh7+ Kf7 22. Bg6+ Ke7 23. Qxg7+ Kd6 24. Bh6 Ne5 25. Qxf8+ Rxf8 26. Bxf8+ Kc7 27. Bh5 Nc4 28. Kg2 Nd2 29. Bg6 Nxe4 30. Bxe4 Qg5+ 31. Kf1 Bb5+ 0-1

[Event "Zhukovsky op 05"]
[Site "Zhukovsky"]
[Date "2011.??.??"]
[Round "6"]
[White "Shvetzov, Mikhail"]
[Black "Kopylov, Ivan"]
[Result "1/2-1/2"]
[WhiteElo "1788"]
[BlackElo "1756"]
[PlyCount "49"]
[EventDate "2011.05.15"]
[EventType "swiss"]
[EventRounds "9"]
[EventCountry "RUS"]
[SourceTitle "EXT 2012"]
[Source "ChessBase"]
[SourceDate "2011.11.24"]
[SourceVersion "1"]
[SourceVersionDate "2011.11.24"]
[SourceQuality "1"]

1. e4 c6 2. d4 d5 3. exd5 cxd5 4. c4 Nf6 5. Nc3 e6 6. Nf3 Be7 7. cxd5 Nxd5 8. Bd3 0-0 9. 0-0 Nc6 10. Re1 Bf6 11. Be4 Nce7 12. Qb3 b6 13. Bf4 Bb7 14. Bg3 Nf5 15. Be5 Qd7 16. Bxd5 Bxd5 17. Nxd5 Qxd5 18. Qxd5 exd5 19. Bxf6 gxf6 20. g4 Nd6 21. Rac1 Rac8 22. b3 Rxc1 23. Rxc1 Rc8 24. Rxc8+ Nxc8 25. Kg2 1/2-1/2

[Event "Zhukovsky-chA"]
[Site "Zhukovsky"]
[Date "2010.04.01"]
[Round "7"]
[White "Kopylov, Ivan"]
[Black "Dzhaumutbaev, Erzhan"]
[Result "0-1"]
[WhiteElo "1756"]
[BlackElo "2076"]
[PlyCount "70"]
[EventDate "2010.04.01"]
[EventType "swiss"]
[EventRounds "9"]
[EventCountry "RUS"]
[SourceTitle "EXT 2022"]
[Source "ChessBase"]
[SourceDate "2021.10.06"]
[SourceVersion "1"]
[SourceVersionDate "2021.10.06"]
[SourceQuality "1"]

1. d4 Nf6 2. Nf3 e6 3. Bg5 Be7 4. e3 b6 5. Bd3 Bb7 6. Nbd2 d5 7. Ne5 0-0 8. 0-0 c5 9. c3 Nfd7 10. Bxe7 Qxe7 11. f4 f6 12. Bxh7+ Kxh7 13. Qh5+ Kg8 14. Ng6 Qe8 15. Nf3 Ba6 16. Rf2 Bd3 17. Qh8+ Kf7 18. Nxf8 Qxf8 19. Qh3 Ke7 20. Rd1 Be4 21. Nd2 Bc2 22. Rc1 Bd3 23. c4 Nc6 24. cxd5 exd5 25. Rc3 c4 26. e4 Nxd4 27. exd5 Kd8 28. Qe3 Nf5 29. Qe6 Nc5 30. Qe1 Nd6 31. Rf3 Qf7 32. Rh3 Kd7 33. Qg3 Bf5 34. Rh5 Qxh5 35. Qxg7+ Qf7 0-1

[Event "Zhukovsky-chA"]
[Site "Zhukovsky"]
[Date "2010.04.01"]
[Round "8"]
[White "Mozgalov, Viktor"]
[Black "Kopylov, Ivan"]
[Result "0-1"]
[WhiteElo "1925"]
[BlackElo "1756"]
[PlyCount "62"]
[EventDate "2010.04.01"]
[EventType "swiss"]
[EventRounds "9"]
[EventCountry "RUS"]
[SourceTitle "EXT 2022"]
[Source "ChessBase"]
[SourceDate "2021.10.06"]
[SourceVersion "1"]
[SourceVersionDate "2021.10.06"]
[SourceQuality "1"]

1. d4 d5 2. c4 c6 3. Nf3 Nf6 4. e3 e6 5. Nc3 Nbd7 6. Qc2 Bd6 7. Be2 0-0 8. 0-0 b6 9. b3 Bb7 10. Bb2 Qe7 11. Rac1 Rac8 12. Rfd1 Rfd8 13. Qb1 dxc4 14. bxc4 Ba6 15. Bf1 c5 16. d5 exd5 17. cxd5 Bxf1 18. Kxf1 a6 19. a4 Ne5 20. Nxe5 Bxe5 21. Qf5 b5 22. axb5 axb5 23. f4 Bxc3 24. Bxc3 Ne4 25. Ba5 Re8 26. Qe5 Nd6 27. Bb6 Qd7 28. Qb2 Nc4 29. Rxc4 bxc4 30. d6 Rxe3 31. Qd2 Rd3 0-1

[Event "Zhukovsky op-A"]
[Site "Zhukovsky"]
[Date "2010.01.??"]
[Round "5"]
[White "Kopylov, Ivan"]
[Black "Onishchenko, Mikhail"]
[Result "1-0"]
[WhiteElo "2027"]
[BlackElo "1945"]
[PlyCount "57"]
[EventDate "2010.01.??"]
[EventType "swiss"]
[EventRounds "7"]
[EventCountry "RUS"]
[SourceTitle "EXT 2012"]
[Source "ChessBase"]
[SourceDate "2011.11.24"]
[SourceVersion "1"]
[SourceVersionDate "2011.11.24"]
[SourceQuality "1"]

1. d4 c5 2. c3 e6 3. Nf3 Qc7 4. g3 d5 5. Bf4 Bd6 6. Bxd6 Qxd6 7. Bg2 c4 8. e4 Ne7 9. Nbd2 b5 10. 0-0 a5 11. exd5 exd5 12. a4 b4 13. Ne5 Nbc6 14. Qf3 Nxe5 15. dxe5 Qc7 16. b3 cxb3 17. Nxb3 Ba6 18. Rfc1 Bc4 19. cxb4 axb4 20. Qg4 0-0 21. Nd2 Qc8 22. e6 b3 23. Nxc4 dxc4 24. Rxc4 b2 25. Rb1 h5 26. exf7+ Rxf7 27. Rxc8+ Rxc8 28. Qxc8+ Nxc8 29. Bd5 1-0

[Event "Zhukovsky op"]
[Site "Zhukovsky"]
[Date "2010.??.??"]
[Round "5"]
[White "Avetisyan, Aleksey"]
[Black "Kopylov, Ivan"]
[Result "1-0"]
[WhiteElo "2128"]
[BlackElo "1756"]
[PlyCount "91"]
[EventDate "2010.05.14"]
[EventType "swiss"]
[EventRounds "9"]
[EventCountry "RUS"]
[SourceTitle "EXT 2011"]
[Source "ChessBase"]
[SourceDate "2010.11.26"]
[SourceVersion "1"]
[SourceVersionDate "2010.11.26"]
[SourceQuality "1"]

1. e4 c6 2. d4 d5 3. Nc3 dxe4 4. Nxe4 Nd7 5. c3 Ngf6 6. Nxf6+ Nxf6 7. h3 Bf5 8. Nf3 e6 9. Be2 Qb6 10. 0-0 Be7 11. Qb3 0-0 12. Bg5 h6 13. Bh4 Nd5 14. Bxe7 Nxe7 15. Ne5 Rfd8 16. Bh5 g6 17. Be2 c5 18. Nf3 Be4 19. Qxb6 axb6 20. a3 Nc6 21. Nd2 Bd5 22. Rfe1 Kg7 23. c4 Nxd4 24. cxd5 Nc2 25. Nc4 Nxa1 26. Rxa1 b5 27. Ne3 exd5 28. Bxb5 Rd6 29. Rd1 Rad8 30. Kf1 f5 31. f4 Kf6 32. Kf2 d4 33. Nc4 Re6 34. Ne5 g5 35. Nd7+ Kg6 36. Nxc5 Re7 37. Nd3 gxf4 38. Nxf4+ Kg5 39. Ne2 Re5 40. Bc4 b5 41. Bd3 Red5 42. g3 h5 43. Nf4 Re5 44. h4+ Kh6 45. Be2 Rc5 46. Ne6 1-0

[Event "Zhukovsky op"]
[Site "Zhukovsky"]
[Date "2010.??.??"]
[Round "9"]
[White "Chumurin, Aleksandr"]
[Black "Kopylov, Ivan"]
[Result "0-1"]
[WhiteElo "1894"]
[BlackElo "1756"]
[PlyCount "56"]
[EventDate "2010.05.14"]
[EventType "swiss"]
[EventRounds "9"]
[EventCountry "RUS"]
[SourceTitle "EXT 2011"]
[Source "ChessBase"]
[SourceDate "2010.11.26"]
[SourceVersion "1"]
[SourceVersionDate "2010.11.26"]
[SourceQuality "1"]

1. e4 c6 2. d4 d5 3. exd5 cxd5 4. Nc3 Nf6 5. Bf4 a6 6. Nf3 g6 7. Be5 Bg7 8. Bd3 Nc6 9. Qe2 0-0 10. h3 Qb6 11. Rb1 Nxe5 12. dxe5 Nh5 13. Qd2 Qe6 14. 0-0 Bxe5 15. Nxe5 Qxe5 16. Rfe1 Qd6 17. Qg5 Be6 18. Rbd1 Rad8 19. Be2 Nf4 20. Bg4 Bxg4 21. hxg4 f6 22. Qh6 d4 23. Re4 e5 24. g3 Qc6 25. gxf4 dxc3 26. Rde1 cxb2 27. R4e2 Rd4 28. Qh3 Rxf4 0-1

[Event "Zhukovsky op"]
[Site "Zhukovsky"]
[Date "2010.??.??"]
[Round "1"]
[White "Kopylov, Ivan"]
[Black "Rybakov, Sergey1111"]
[Result "0-1"]
[WhiteElo "1756"]
[BlackElo "2207"]
[PlyCount "46"]
[EventDate "2010.05.14"]
[EventType "swiss"]
[EventRounds "9"]
[EventCountry "RUS"]
[SourceTitle "EXT 2011"]
[Source "ChessBase"]
[SourceDate "2010.11.26"]
[SourceVersion "1"]
[SourceVersionDate "2010.11.26"]
[SourceQuality "1"]

1. d4 b5 2. Nf3 e6 3. e3 a6 4. c4 b4 5. Bd3 Bb7 6. 0-0 c5 7. e4 cxd4 8. Nxd4 Nc6 9. Nxc6 Bxc6 10. e5 Qc7 11. Re1 f5 12. h4 g6 13. Bf4 Nh6 14. Be2 Qb7 15. f3 Nf7 16. Qd4 Be7 17. g3 Bxf3 18. Bxf3 Qxf3 19. Rd1 Qc6 20. Kh2 h6 21. Nd2 g5 22. Be3 Rc8 23. Nb3 Qc7 0-1

[Event "Zhukovsky Rating-A 08"]
[Site "Zhukovsky"]
[Date "2009.08.14"]
[Round "3"]
[White "Andreev, Gennadiy"]
[Black "Kopylov, Ivan"]
[Result "0-1"]
[WhiteElo "2090"]
[BlackElo "1756"]
[PlyCount "82"]
[EventDate "2009.08.14"]
[EventType "swiss"]
[EventRounds "7"]
[EventCountry "RUS"]
[SourceTitle "EXT 2022"]
[Source "ChessBase"]
[SourceDate "2021.10.06"]
[SourceVersion "1"]
[SourceVersionDate "2021.10.06"]
[SourceQuality "1"]

1. e4 c6 2. d4 d5 3. e5 Bf5 4. Ne2 e6 5. Ng3 Bg6 6. h4 h5 7. Nd2 Be7 8. Nf3 Nh6 9. Bd3 Bxd3 10. Qxd3 Ng4 11. Ng5 c5 12. c3 cxd4 13. cxd4 Nc6 14. f3 Nh6 15. Nxh5 Nf5 16. g4 Nb4 17. Qb5+ Kf8 18. gxf5 Nc2+ 19. Kd1 Nxa1 20. Nxg7 Kxg7 21. f6+ Bxf6 22. exf6+ Qxf6 23. Be3 a6 24. Qd3 Rac8 25. Rh2 Qg6 26. Qxg6+ Kxg6 27. b3 Rc3 28. Bd2 Rc2 29. Nh3 Rxa2 30. Rg2+ Kf5 31. Rg5+ Kf6 32. Rg2 Rxd2+ 33. Kxd2 Nxb3+ 34. Ke3 Rxh4 35. Nf2 Na5 36. Ng4+ Kf5 37. Ne5 f6 38. Nd3 Nc6 39. f4 Rh3+ 40. Kd2 Nxd4 41. Nc5 Nb3+ 0-1

[Event "Zhukovsky Rating-A 08"]
[Site "Zhukovsky"]
[Date "2009.08.14"]
[Round "2"]
[White "Kopylov, Ivan"]
[Black "Shipilova, Olga"]
[Result "1-0"]
[WhiteElo "1756"]
[BlackElo "1900"]
[PlyCount "57"]
[EventDate "2009.08.14"]
[EventType "swiss"]
[EventRounds "7"]
[EventCountry "RUS"]
[SourceTitle "EXT 2022"]
[Source "ChessBase"]
[SourceDate "2021.10.06"]
[SourceVersion "1"]
[SourceVersionDate "2021.10.06"]
[SourceQuality "1"]

1. d4 f5 2. c4 Nf6 3. Nc3 g6 4. Nf3 d6 5. Qc2 Bg7 6. e4 fxe4 7. Nxe4 0-0 8. Bd3 Bg4 9. Ned2 c6 10. h3 Bd7 11. 0-0 Nh5 12. Ng5 Nf4 13. Ndf3 Nxd3 14. Qxd3 Bf5 15. Qe2 e5 16. dxe5 dxe5 17. Ne4 Qc7 18. c5 Na6 19. Bd2 Bxe4 20. Qxe4 Rad8 21. Rad1 Rfe8 22. Ng5 Rd4 23. Qc2 Qe7 24. Ne4 Red8 25. Bg5 Qf8 26. Bxd8 Qxd8 27. Nd6 b6 28. Rxd4 exd4 29. Qc4+ 1-0

[Event "Zhukovsky op-A 05"]
[Site "Zhukovsky"]
[Date "2009.05.??"]
[Round "2"]
[White "Kopylov, Ivan"]
[Black "Kazankov, Andrey"]
[Result "0-1"]
[WhiteElo "2037"]
[BlackElo "2081"]
[PlyCount "66"]
[EventDate "2009.05.??"]
[EventType "swiss"]
[EventRounds "9"]
[EventCountry "RUS"]
[SourceTitle "EXT 2012"]
[Source "ChessBase"]
[SourceDate "2011.11.24"]
[SourceVersion "1"]
[SourceVersionDate "2011.11.24"]
[SourceQuality "1"]

1. d4 e6 2. Nf3 d5 3. c4 c6 4. e3 f5 5. Nc3 Nf6 6. Bd3 Bd6 7. Ne5 0-0 8. Bd2 Bxe5 9. dxe5 Ng4 10. Be2 Nxe5 11. cxd5 exd5 12. Qa4 Be6 13. f4 Nf7 14. Bf3 Nd7 15. Ne2 Nb6 16. Qb3 Re8 17. Nd4 Nd6 18. 0-0-0 Nbc4 19. Be1 Bf7 20. Bf2 Qd7 21. h3 c5 22. Nc2 d4 23. Qd3 Ne4 24. Bh4 Ncd6 25. exd4 c4 26. Qf1 Qa4 27. Kb1 c3 28. d5 Nd2+ 29. Rxd2 cxd2 30. g3 Ne4 31. Bd1 Bxd5 32. Na3 Nc3+ 33. Ka1 Qxd1+ 0-1

[Event "Zhukovsky op-A"]
[Site "Zhukovsky"]
[Date "2009.01.??"]
[Round "7"]
[White "Domnin, Vladimir"]
[Black "Kopylov, Ivan"]
[Result "1/2-1/2"]
[WhiteElo "2016"]
[BlackElo "2037"]
[PlyCount "85"]
[EventDate "2009.01.??"]
[EventType "swiss"]
[EventRounds "7"]
[EventCountry "RUS"]
[SourceTitle "EXT 2012"]
[Source "ChessBase"]
[SourceDate "2011.11.24"]
[SourceVersion "1"]
[SourceVersionDate "2011.11.24"]
[SourceQuality "1"]

1. d4 d5 2. c4 c6 3. Nc3 Nf6 4. Bg5 e6 5. e3 Nbd7 6. Bd3 h6 7. Bh4 dxc4 8. Bxc4 b5 9. Bd3 Be7 10. Nf3 Bb7 11. 0-0 b4 12. Na4 Qa5 13. Bxf6 Nxf6 14. Rc1 Nd7 15. Qc2 Rc8 16. Nc5 Nxc5 17. dxc5 0-0 18. b3 Rfd8 19. Be4 f5 20. Bd3 Ba6 21. Bxa6 Qxa6 22. Qc4 Qxc4 23. Rxc4 a5 24. Nd4 Kf7 25. f4 Rd5 26. Rfc1 g6 27. Kf2 e5 28. Nf3 exf4 29. exf4 Bf6 30. Re1 Bc3 31. Re2 Re8 32. a3 Rxe2+ 33. Kxe2 Kf6 34. axb4 axb4 35. Ke3 g5 36. fxg5+ hxg5 37. g3 g4 38. Nd4 Bxd4+ 39. Rxd4 Rxc5 40. Rxb4 Rc2 41. Rc4 Rxh2 42. Rxc6+ Kg5 43. Rc3 1/2-1/2

[Event "Berdsk Maestro op 14th"]
[Site "Berdsk"]
[Date "2008.07.10"]
[Round "3"]
[White "Kopylov, Ivan"]
[Black "Sukhorukov, Anatoly Evgenievich"]
[Result "0-1"]
[WhiteElo "2098"]
[BlackElo "2023"]
[PlyCount "70"]
[EventDate "2008.07.08"]
[EventType "swiss"]
[EventRounds "9"]
[EventCountry "RUS"]
[SourceTitle "CBM 125 Extra"]
[Source "ChessBase"]
[SourceDate "2008.09.01"]
[SourceVersion "1"]
[SourceVersionDate "2008.09.01"]
[SourceQuality "1"]

1. d4 Nf6 2. c4 g6 3. Nc3 Bg7 4. e4 d6 5. f3 0-0 6. Be3 Nbd7 7. Qd2 e5 8. Nge2 c6 9. 0-0-0 Re8 10. Kb1 a5 11. Nc1 exd4 12. Bxd4 Qc7 13. Qf2 a4 14. a3 Ne5 15. N1a2 Be6 16. Bxe5 dxe5 17. Be2 Nd7 18. h4 Qb6 19. Qg3 Bf8 20. Nd5 cxd5 21. cxd5 Bxa3 22. Rd2 Nc5 23. dxe6 Nxe6 24. Nc3 Nf4 25. h5 Bb4 26. hxg6 Qxg6 27. Qf2 a3 28. Rh4 h5 29. g4 axb2 30. Rxb2 Bxc3 31. gxh5 Qh6 32. Rg4+ Kh8 33. Rb6 Ne6 34. f4 Bd4 35. Rxe6 Qxe6 0-1